00800nam a22002297a 4500999001900000005001700019010001200036020001400048035001200062037001900074082000800093100002000101245009100121246006600212250000900278260003900287270002200326300002100348490003800369942003000407952013300437 c165871d16587120190703170726.0 aB-29284 a-c300.00 aB-29284 bBPPD/Ven.adpl a840 aشفيع شيخ aعر بی ز با ن و ا د ب کا ا ر د و پر ا ثرcشفيع شيخhUrdu aArabi Zuban -o-Adab ka Urdu par Asar (Urdu)bby Shafi Sheikh a2000 aN.Delhi 110025bMaktaba Jamia Ltd. aOkhla Jamia Nagar a376صc22cm(Hbk) aJaico illustrated classics series 2ddccURmش ف ی h840 0010407-18NFICaLbLd2019-07-03eBPPD/Ven.g300.00l0o840 ش ف یpB-29284r2019-07-03 00:00:00t1v300.00w2019-07-03yUR